Southville International School and Colleges
Your cart is empty.
  • Cart
  • Lists
    Public lists Eva Luna New books Lux_list list_1
    Your lists Log in to create your own lists
  • Log in to your account
  • Your cookies
  • Search history
Southville International School and Colleges
  • Advanced search
  • Recent comments
  • Most popular
  • Libraries

Log in to your account

Log in with GOOGLE


If you do not have an external account, but do have a local account, you can still log in:

  1. Home
  2. MARC view: How to export and import :
Normal view MARC view ISBD view

How to export and import : (Record no. 339615)

[ view plain ]
MARC details
000 -LEADER
fixed length control field 00623nam a2200241Ia 4500
008 - FIXED-LENGTH DATA ELEMENTS--GENERAL INFORMATION
fixed length control field 170711s9999 xx 000 0 und d
020 ## - INTERNATIONAL STANDARD BOOK NUMBER
International Standard Book Number 8183820182
050 ## - LIBRARY OF CONGRESS CALL NUMBER
Classification number 380.1
050 ## - LIBRARY OF CONGRESS CALL NUMBER
Item number Al425 2008
100 ## - MAIN ENTRY--PERSONAL NAME
Personal name Allen, Michael E.
245 ## - TITLE STATEMENT
Title How to export and import :
245 ## - TITLE STATEMENT
Remainder of title way to success /
245 ## - TITLE STATEMENT
Statement of responsibility, etc by Michael E. Allen.
260 ## - PUBLICATION, DISTRIBUTION, ETC. (IMPRINT)
Place of publication, distribution, etc New Delhi :
260 ## - PUBLICATION, DISTRIBUTION, ETC. (IMPRINT)
Name of publisher, distributor, etc Lotus Press,
260 ## - PUBLICATION, DISTRIBUTION, ETC. (IMPRINT)
Date of publication, distribution, etc 2008
300 ## - PHYSICAL DESCRIPTION
Extent 119 pages :
300 ## - PHYSICAL DESCRIPTION
Other physical details illustrations ;
300 ## - PHYSICAL DESCRIPTION
Dimensions 21cm.
500 ## - GENERAL NOTE
General note Includes bibliographic reference.
650 ## - SUBJECT ADDED ENTRY--TOPICAL TERM
Topical term or geographic name as entry element Commerce, communication, transportation.
700 ## - ADDED ENTRY--PERSONAL NAME
Personal name Title.

No items available.

How to export and import :

APA

Allen M. E., Title, .How to export and import. New Delhi: .

Chicago

Allen Michael E, Title, .How to export and import. New Delhi: .

Harvard

Allen M. E., Title, .How to export and import. New Delhi: .

MLA

Allen Michael E, Title, .New Delhi: . .

  • Print
  • Cite
  • Add to your cart (remove)
  • Save record
    BIBTEX Dublin Core MARCXML MARC (non-Unicode/MARC-8) MARC (Unicode/UTF-8) MARC (Unicode/UTF-8, Standard) MODS (XML) RIS
  • More searches
    Search for this title in:
    Other Libraries (WorldCat) Other Databases (Google Scholar) Online Stores (Bookfinder.com) Open Library (openlibrary.org)

Exporting to Dublin Core...

SOUTHVILLE LIBRARY

Southville International School and Colleges Library

1281 Tropical Ave. Cor. Luxembourg St., BF Homes International, Las Pinas City

Tel. No. 8256374 / 252358 Loc. 117/146

Powered by Koha